000 01029cab a2200241 4500
001 ABS68486
008 041109n2004 000 0 eng u
035 _a(Sirsi) u127921
100 _aRoss, M.
245 _aGoing to waste
260 _c2004
490 _aRegeneration and Renewal
_v22 October 2004, 20-21(2)
520 _aDiscusses the effect of the case, "Van de Walle V Texaco Belgium SA"([2004] EUECJ C-1/03) on government plans to redevelop brownfield sites. Petrol had been leaked accidentally into the ground and the court ruled that the petrol should be considered as waste even while it remained undisturbed in the ground. Such a ruling could lead to contaminated sites being reclassified as waste dumps.
590 _aABS
650 _aWASTE SITES
650 _aLANDFILL SITES
650 _aBROWNFIELD DEVELOPMENT
650 _aVAN DE WALLE V TEXACO BELGIUM SA
650 _aContamination
_96231
650 _aWALLE CASE
690 _aENVIRONMENTAL AND LAND CONSULTANCY-WASTE MANAGEMENT
942 _n0
999 _c74595
_d74595